[Event "IECC Swiss-494.4"]
[Site "IECC email"]
[Date "2006.09.25"]
[Round "?"]
[White "Wozniak, Zbigniew"]
[Black "Krishna, Sandeep"]
[Result "0-1"]
[WhiteElo "1846"]
[BlackElo "1354"]
[PlyCount "146"]
[EventDate "2006.??.??"]
[EventType "swiss (corr)"]
[EventRounds "1"]
[SourceTitle "Corr 2008"]
[Source "ChessBase"]
[SourceDate "2008.06.24"]
[SourceVersion "1"]
[SourceVersionDate "2008.06.24"]
[SourceQuality "1"]

1. e4 e6 2. d4 d5 3. Nc3 Bb4 4. e5 c5 5. a3 Bxc3+ 6. bxc3 Ne7 7. Qg4 0-0 8. Bd3 Nbc6 9. Qh5 Ng6 10. Nf3 Qc7 11. Be3 c4 12. Bxg6 fxg6 13. Qg4 Bd7 14. h4 Rf5 15. h5 gxh5 16. Rxh5 Rxh5 17. Qxh5 Be8 18. Qh3 Nd8 19. Bg5 Bf7 20. Kd2 Qd7 21. Rh1 Bg6 22. Nh4 Qf7 23. Nxg6 Qxg6 24. Qh4 Nf7 25. Be3 Re8 26. Rh3 b5 27. Kc1 Nh8 28. Bg5 h6 29. Be3 Qf7 30. Qg4 Qf5 31. Qe2 Ng6 32. Rf3 Qe4 33. Rg3 Qf5 34. Qe1 Rb8 35. Qh1 Rb7 36. Kd2 Qf7 37. Ke1 Kh7 38. Qh5 Qf5 39. Qe2 a5 40. Bc1 b4 41. cxb4 axb4 42. axb4 Rxb4 43. Rf3 Qh5 44. Rh3 Qf5 45. Rf3 Qg4 46. Rg3 Qxe2+ 47. Kxe2 Rb1 48. Be3 Rg1 49. c3 Nh4 50. Rh3 Nf5 51. Rh2 Nxe3 52. Kxe3 Kg6 53. Kd2 h5 54. Ke2 Kg5 55. g3 Kh6 56. Rh4 g5 57. Rh2 Kg6 58. Kd2 Ra1 59. Kc2 Ra2+ 60. Kb1 Re2 61. Kc1 g4 62. Kd1 Ra2 63. Kc1 Kf5 64. Kb1 Re2 65. Rxh5+ Ke4 66. Rh6 Kd3 67. Rxe6 Kxc3 68. Rd6 Kxd4 69. e6 Kc5 70. Rd8 Rxe6 71. Kc2 Re2+ 72. Kd1 Rxf2 73. Rg8 c3 0-1

[Event "IECC Swiss email"]
[Site "IECC email"]
[Date "2000.09.30"]
[Round "?"]
[White "Krishna, Sandeep"]
[Black "Fuhrmann, Andreas"]
[Result "1-0"]
[WhiteElo "1270"]
[BlackElo "1577"]
[PlyCount "37"]
[EventDate "2000.??.??"]
[EventType "tourn (corr)"]
[EventRounds "6"]
[SourceTitle "Corr 2008"]
[Source "ChessBase"]
[SourceDate "2008.06.24"]
[SourceVersion "1"]
[SourceVersionDate "2008.06.24"]
[SourceQuality "1"]

1. d4 Nf6 2. c4 c5 3. d5 b5 4. cxb5 a6 5. bxa6 Bxa6 6. g3 g6 7. Bg2 d6 8. Bd2 Bg7 9. Bc3 Nbd7 10. Nh3 0-0 11. 0-0 Nb6 12. a4 Bc4 13. Re1 Bxd5 14. Bxf6 Bxg2 15. Bxg7 Bxh3 16. Bxf8 Kxf8 17. e4 Qd7 18. b3 c4 19. Qd4 1-0

[Event "IECC Swiss email"]
[Site "IECC email"]
[Date "2000.03.28"]
[Round "?"]
[White "Vujanovic, Aleksandar"]
[Black "Krishna, Sandeep"]
[Result "1-0"]
[WhiteElo "2150"]
[BlackElo "1270"]
[PlyCount "67"]
[EventDate "2000.??.??"]
[EventType "tourn (corr)"]
[EventRounds "6"]
[SourceTitle "Corr 2008"]
[Source "ChessBase"]
[SourceDate "2008.06.24"]
[SourceVersion "1"]
[SourceVersionDate "2008.06.24"]
[SourceQuality "1"]

1. e4 e6 2. d4 d5 3. Nc3 Bb4 4. e5 Ne7 5. a3 Bxc3+ 6. bxc3 c5 7. Qg4 Nf5 8. Bd3 h5 9. Qf4 Nc6 10. Ne2 Nce7 11. Ng3 c4 12. Be2 Qa5 13. Qd2 h4 14. Nxf5 exf5 15. 0-0 Bd7 16. Rb1 0-0-0 17. h3 Nc6 18. Bf3 g5 19. Qxg5 Qxc3 20. Bxd5 Qxd4 21. Bxc6 Bxc6 22. Qxf5+ Kb8 23. Be3 Qc3 24. Rfd1 Rdg8 25. Bg5 a6 26. Qf4 Ka7 27. Rb4 Qxc2 28. Qd4+ Kb8 29. Rxc4 Qe2 30. Rxc6 Rxg5 31. Rb1 Rhg8 32. Rxb7+ Kxb7 33. Rb6+ Kc8 34. Qc5+ 1-0

[Event "IECC Swiss email"]
[Site "IECC email"]
[Date "1999.11.16"]
[Round "?"]
[White "Lemmen, Ronald"]
[Black "Krishna, Sandeep"]
[Result "1/2-1/2"]
[WhiteElo "1599"]
[BlackElo "1257"]
[PlyCount "99"]
[EventDate "1999.??.??"]
[EventType "tourn (corr)"]
[EventRounds "6"]
[SourceTitle "Corr 2008"]
[Source "ChessBase"]
[SourceDate "2008.06.24"]
[SourceVersion "1"]
[SourceVersionDate "2008.06.24"]
[SourceQuality "1"]

1. e4 e6 2. d4 d5 3. e5 c5 4. c3 Qb6 5. Nf3 Nc6 6. dxc5 Bxc5 7. Qe2 a5 8. Nbd2 Qc7 9. Nb3 Ba7 10. Be3 Nxe5 11. Nxe5 Qxe5 12. Qb5+ Bd7 13. Qxb7 Qb8 14. Nxa5 Bxe3 15. fxe3 Nf6 16. Qxb8+ Rxb8 17. b4 Ne4 18. Rc1 0-0 19. a3 Rfd8 20. Bd3 Nd6 21. Ra1 Ba4 22. Ke2 e5 23. Rac1 Rbc8 24. Kf2 Rc7 25. Bc2 Bxc2 26. Rxc2 Rdc8 27. c4 dxc4 28. Rd1 Ne4+ 29. Ke2 c3 30. b5 Ra8 31. Rd5 Nf6 32. Rd6 Ne8 33. Ra6 Rxa6 34. bxa6 Nd6 35. Nb7 Nxb7 36. axb7 Rxb7 37. Rxc3 f5 38. Kf3 Rb2 39. e4 fxe4+ 40. Kxe4 Rxg2 41. h3 Re2+ 42. Re3 Rxe3+ 43. Kxe3 Kf7 44. Ke4 Ke6 45. a4 g5 46. a5 Kd6 47. a6 Kc6 48. Kxe5 h5 49. Kf5 g4 50. hxg4 1/2-1/2

[Event "IECC M email"]
[Site "IECC email"]
[Date "1999.10.17"]
[Round "?"]
[White "Krishna, Sandeep"]
[Black "Sad, Wang"]
[Result "1-0"]
[WhiteElo "1200"]
[BlackElo "1346"]
[PlyCount "57"]
[EventDate "1999.??.??"]
[EventType "tourn (corr)"]
[EventRounds "6"]
[SourceTitle "Corr 2008"]
[Source "ChessBase"]
[SourceDate "2008.06.24"]
[SourceVersion "1"]
[SourceVersionDate "2008.06.24"]
[SourceQuality "1"]

1. e4 e6 2. d4 d5 3. Nc3 Bb4 4. e5 c5 5. a3 Bxc3+ 6. bxc3 Ne7 7. Nf3 0-0 8. Bd3 Qa5 9. Bd2 Qa4 10. Rb1 c4 11. Bxh7+ Kxh7 12. Ng5+ Kg8 13. Rb4 Qc6 14. Qh5 Re8 15. Qh7+ Kf8 16. Qh8+ Ng8 17. Nh7+ Ke7 18. Qxg7 Kd8 19. Ng5 Ne7 20. Nxf7+ Kd7 21. Bg5 Nf5 22. Qh7 Ne7 23. Nd6 Kd8 24. 0-0 b6 25. f4 Na6 26. Rbb1 Rb8 27. Rf3 Rb7 28. Rh3 Qa4 29. Nxe8 1-0